000 00266nam a22001097a 4500
082 _a823
_bORI/M
100 _aORIENT LONGMAN
245 _aTHE MAN WHO WAS AFRAID OF BOATS
260 _aHYDERABAD
_bORIENT LONGMAN
_c1992
650 _aPASSAGE LEAFLETS
_zINDIA
942 _cBK
999 _c4475
_d4475